| 000 | 00957cam a22001814a 4500 | ||
|---|---|---|---|
| 005 | 20250605164402.0 | ||
| 008 | 250528s ||||||||||||||||||||||||d | ||
| 035 | _a24648 | ||
| 040 |
_aGR-AtMCL _bgre _dGR-AtMCL _eAACR2 |
||
| 245 | 1 | _aΣτοίχημα της Ιδιωτικής Υγείας η Διεύρυνση του Ρόλου της στο Δημόσιο Σύστημα | |
| 260 |
_bMorax Media S.A, _c2019 |
||
| 300 | _a88 | ||
| 520 | _aΑνοίγονται Εργασίες με Πολιτική Ανάπτυξης και Συνεργείες, Τηλεϊατρική: Σπάει το Φράγμα του Χρόνου και των Αποστάσεων, Πρόταση Πολλών Ρίχτερ από την Ασφαλιστική Αγορά, 5 Αλλαγές στο Νομοσχέδιο της Κυβέρνησης. | ||
| 700 | 1 |
_aΜωράκης Φίλιππος _99500 |
|
| 942 | _cCR | ||
| 999 |
_c9515 _d9515 |
||